Statistics for U.S. Bill of Rights

Click here to take the quiz!

General Stats

  • This quiz has been taken 29,328 times
  • The average score is 13 of 25

Answer Stats

#Text% Correct
1or abridging the freedom of {speech},
91%
2the right of the people to keep and bear {arms} shall not be infringed
91%
1Congress shall make no law respecting an establishment of {religion},
77%
4The right of the people ... against unreasonable {searches} and seizures, shall not be violated,
73%
1or the right of the people peaceably to {assemble},
70%
2A well regulated {militia} being necessary to the security of a free state,
69%
8nor cruel and {unusual} punishments inflicted.
69%
1or of the {press};
68%
5nor shall be compelled in any criminal case to be a {witness} against himself,
65%
7In Suits at common law, ... the right of trial by {jury} shall be preserved...
64%
3No soldier shall, in time of peace be {quartered} in any house, without the consent of the owner,
nor in time of war, but in a manner to be prescribed by law.
57%
1and to {petition} the Government for a redress of grievances.
53%
5nor be deprived of life, liberty, or property, without {due} {process} of law;
53%
5nor shall any person be subject for the same offense to be twice put in {jeopardy} of life or limb;
53%
6to be confronted with the witnesses against him; to have compulsory process for obtaining witnesses
in his favor, and to have the Assistance of {Counsel} for his defence.
52%
9The enumeration in the Constitution, of certain {rights}, shall not be construed to deny
or disparage others retained by the people.
49%
4and no Warrants shall issue, but upon {probable} cause...
48%
6In all criminal prosecutions, the accused shall enjoy the right to a {speedy} and public trial,
47%
5nor shall private property be taken for public use, without just {compensation}.
29%
1or prohibiting the free {exercise} thereof;
28%
6by an {impartial} jury of the State and district wherein the crime shall have been committed, which district
shall have been previously ascertained by law,
26%
8Excessive {bail} shall not be required, nor excessive fines imposed,
26%
5No person shall be held to answer for a ... crime, unless on a presentment or indictment of a {Grand} {Jury},
except for [military persons during wartime].
23%
10The powers not delegated to the United States by the Constitution, nor prohibited by it to the States,
are {reserved} to the States respectively, or to the people.
20%
6and to be informed of the nature and cause of the {accusation};
16%

Score Distribution

Percentile by Number Answered

Percent of People with Each Score

Your Score History

You have not taken this quiz